Angst allein genügt nicht: Thema: Umwelt-Krisen
Literaturverz. S. 213 - 220
| Contributors: | ; ; |
|---|---|
| Format: | Print Book |
| Language: | German |
| Published: |
Weinheim [u.a.]
Beltz
1989
|
| In: |
Psychologie heute / Taschenbuch (518)
Year: 1989 |
| Online Access: |
Table of Contents |
| Check availability: | HBZ Gateway |
| Subito Delivery Service: | Order now. |
| Keywords: |
MARC
| LEADER | 00000cam a2200000 c 4500 | ||
|---|---|---|---|
| 001 | 275103323 | ||
| 003 | DE-627 | ||
| 005 | 20260206203759.0 | ||
| 007 | tu | ||
| 008 | 890522s1989 gw ||||| 00| ||ger c | ||
| 015 | |a 89,N06,0051 |2 dnb | ||
| 015 | |a 89,A33,0205 |2 dnb | ||
| 016 | 7 | |a 890327696 |2 DE-101 | |
| 020 | |a 3407305184 |9 3-407-30518-4 | ||
| 035 | |a (DE-627)275103323 | ||
| 035 | |a (DE-603)006066291 | ||
| 035 | |a (DE-576)017736382 | ||
| 035 | |a (DE-599)GBV275103323 | ||
| 035 | |a (OCoLC)246542378 | ||
| 035 | |a (OCoLC)48580205 | ||
| 035 | |a (OCoLC)48580205 | ||
| 035 | |a (DE-H357)his14637 | ||
| 040 | |a DE-627 |b ger |c DE-627 |e rakwb | ||
| 041 | |a ger | ||
| 044 | |c XA-DE |c XA-CH | ||
| 050 | 0 | |a BF353 | |
| 084 | |a SOP 2095 |2 sfb | ||
| 084 | |a SOP 2090 |2 sfb | ||
| 084 | |a SOP 2235 |2 sfb | ||
| 084 | |a PSY 140 (10) |2 sfb | ||
| 084 | |a 11 |a 33 |a 44 |2 sdnb | ||
| 084 | |a AR 16100 |q DE-FR129/1005 |2 rvk |0 (DE-625)rvk/8338: | ||
| 084 | |a CW 8500 |2 rvk |0 (DE-625)rvk/19209: | ||
| 084 | |a CV 9000 |2 rvk |0 (DE-625)rvk/19170: | ||
| 245 | 0 | 0 | |a Angst allein genügt nicht |b Thema: Umwelt-Krisen |c hrsg. von Andreas Böhm ... |
| 264 | 1 | |a Weinheim [u.a.] |b Beltz |c 1989 | |
| 300 | |a 222 S. |b graph. Darst. | ||
| 336 | |a Text |b txt |2 rdacontent | ||
| 337 | |a ohne Hilfsmittel zu benutzen |b n |2 rdamedia | ||
| 338 | |a Band |b nc |2 rdacarrier | ||
| 490 | 1 | |a Psychologie heute |a Taschenbuch / hrsg. von der Redaktion Psychologie heute |v 518 | |
| 500 | |a Literaturverz. S. 213 - 220 | ||
| 505 | 8 | |a Literaturverz. S. 213 - 220 | |
| 520 | |a Literaturverz. S. 213 - 220 | ||
| 583 | 1 | |a Archivierung/Langzeitarchivierung gewährleistet |f PEBW |x XA-DE-BW |2 pdager |5 DE-31 | |
| 650 | 0 | |a Environmental psychology | |
| 650 | 0 | |a Environmental degradation |x Psychological aspects | |
| 650 | 0 | |a Human Ecology | |
| 650 | 0 | 7 | |0 (DE-588)4186806-7 |0 (DE-627)104321083 |0 (DE-576)210041595 |a Umweltkrise |2 gnd |
| 650 | 0 | 7 | |0 (DE-588)4126366-2 |0 (DE-627)104790792 |0 (DE-576)209584475 |a Psychische Verarbeitung |2 gnd |
| 650 | 4 | |a Ökologie | |
| 650 | 4 | |a Friedensforschung | |
| 650 | 4 | |a Krieg | |
| 650 | 4 | |a Angst | |
| 650 | 4 | |a Empirische Forschung | |
| 650 | 4 | |a Kleinkind, Böhm, Umweltzerstörung, Sozialpsychologie | |
| 655 | 7 | |a Aufsatzsammlung |0 (DE-588)4143413-4 |0 (DE-627)105605727 |0 (DE-576)209726091 |2 gnd-content | |
| 689 | 0 | 0 | |d s |0 (DE-588)4186806-7 |0 (DE-627)104321083 |0 (DE-576)210041595 |a Umweltkrise |2 gnd |
| 689 | 0 | 1 | |d s |0 (DE-588)4126366-2 |0 (DE-627)104790792 |0 (DE-576)209584475 |a Psychische Verarbeitung |2 gnd |
| 689 | 0 | 2 | |d s |0 (DE-588)4047704-6 |0 (DE-627)106193821 |0 (DE-576)209074426 |a Psychologie |2 gnd |
| 689 | 0 | |5 DE-101 | |
| 700 | 1 | |8 1\p |a Böhm, Andreas |e Hrsg. |0 (DE-588)17327479X |0 (DE-627)698193032 |0 (DE-576)134123484 |4 edt | |
| 700 | 1 | |a Faas, Angelika |4 oth | |
| 700 | 1 | |a Legewie, Heiner |4 oth | |
| 830 | 0 | |a Psychologie heute / Taschenbuch |v 518 |9 51800 |w (DE-627)170396959 |w (DE-576)025086561 |w (DE-600)1051409-0 |x 0936-6601 |7 am | |
| 856 | 4 | 2 | |u http://scans.hebis.de/HEBCGI/show.pl?00606629_toc.pdf |m V:DE-603;B:DE-17 |q application/pdf |3 Inhaltsverzeichnis |7 1 |
| 883 | |8 1\p |a cgwrk |d 20241001 |q DE-101 |u https://d-nb.info/provenance/plan#cgwrk | ||
| 889 | |w (DE-627)02300889X | ||
| 935 | |i mdedup | ||
| 935 | |i Blocktest | ||
| 936 | r | v | |a AR 16100 |b Umwelt und Medizin |k Allgemeines |k Naturschutz und Umweltschutz |k Umwelt und Gesundheit |k Umwelt und Medizin |0 (DE-627)1270695746 |0 (DE-625)rvk/8338: |0 (DE-576)200695746 |
| 936 | r | v | |a CW 8500 |b Politische Psychologie |k Psychologie |k Angewandte Psychologie |k Andere Gebiete der angewandten Psychologie |k Politische Psychologie |0 (DE-627)1271516926 |0 (DE-625)rvk/19209: |0 (DE-576)201516926 |
| 936 | r | v | |a CV 9000 |b Umweltpsychologie |k Psychologie |k Sozialpsychologie |k Umweltpsychologie |0 (DE-627)127085707X |0 (DE-625)rvk/19170: |0 (DE-576)20085707X |
| 936 | s | n | |a c200 |2 mzub |
| 936 | s | n | |a w200 |2 mzub |
| 936 | s | n | |a a500 |2 mzub |
| 936 | s | n | |a z210 |2 mzub |
| 951 | |a BO | ||
| ELC | |b 1 | ||
| LOK | |0 000 xxxxxcx a22 zn 4500 | ||
| LOK | |0 001 332137899X | ||
| LOK | |0 003 DE-627 | ||
| LOK | |0 004 275103323 | ||
| LOK | |0 005 20141125144113 | ||
| LOK | |0 008 141125||||||||||||||||ger||||||| | ||
| LOK | |0 040 |a DE-21-110 |c DE-627 |d DE-21-110 | ||
| LOK | |0 689 |a s |a Umweltkrisen | ||
| LOK | |0 852 |z Kein Bestand am IfK; Nachweis für KrimDok | ||
| LOK | |0 852 |a DE-21-110 | ||
| LOK | |0 852 1 |m v |9 00 | ||
| LOK | |0 935 |a k110 | ||
| LOK | |0 938 |k v | ||
| LOK | |0 939 |a 25-11-14 |b l01 | ||
| ORI | |a SA-MARC-krimdoka001.raw | ||
